Rudra Baruar geet/ (Record no. 3660)

MARC details
000 -LEADER
fixed length control field 00522cam a2200205ua 4500
005 - DATE AND TIME OF LATEST TRANSACTION
control field 20221028130731.0
008 - FIXED-LENGTH DATA ELEMENTS--GENERAL INFORMATION
fixed length control field 111206n ii |||gr||||Z||||||asm
040 ## - CATALOGING SOURCE
Transcribing agency MAIN
Original cataloging agency IN-DiNC
041 ## - LANGUAGE CODE
Language code of sung or spoken text Assamese
082 ## - DEWEY DECIMAL CLASSIFICATION NUMBER
Classification number 782.42
Item number RUD
245 11 - TITLE STATEMENT
Title Rudra Baruar geet/
Statement of responsibility, etc. ed. by Goswami Ram
250 ## - EDITION STATEMENT
Edition statement 1st.
260 ## - PUBLICATION, DISTRIBUTION, ETC.
Place of publication, distribution, etc. Guwahati:
Name of publisher, distributor, etc. Publication board Assam,
300 ## - PHYSICAL DESCRIPTION
Extent 84p:
650 ## - SUBJECT ADDED ENTRY--TOPICAL TERM
Topical term or geographic name entry element Songs of Rudra Barua
700 ## - ADDED ENTRY--PERSONAL NAME
Personal name Goswami, Ram
Relator term Editor
942 ## - ADDED ENTRY ELEMENTS (KOHA)
Koha item type Books
Source of classification or shelving scheme Dewey Decimal Classification
653 ## - INDEX TERM--UNCONTROLLED
Uncontrolled term Assamese song
653 ## - INDEX TERM--UNCONTROLLED
Uncontrolled term Rudra Baruar geet
Holdings
Withdrawn status Lost status Damaged status Not for loan Home library Current library Shelving location Date acquired Total Checkouts Full call number Barcode Date last seen Copy number Price effective from Koha item type
        Central Library, Naharkatiya College Central Library, Naharkatiya College General Stacks 19/09/2020   782.42 | RUD 10707 19/09/2020 1 19/09/2020 Books
        Central Library, Naharkatiya College Central Library, Naharkatiya College General Stacks 19/09/2020   782.42 | RUD 9566 19/09/2020 2 19/09/2020 Books

Naharkatiya College © 2020. All rights reserved.

Powered By